000 01185nam a22003497a 4500
001 BR0203785
003 BR-BrBNA
005 20230928101127.0
007 ta
008 230509b bl.||||| |||| 00| 0 por d
040 _aBR-BrBNA
_bpor
_cBiblioteca Nacional de Agricultura
041 _a(Por)
072 _aF30; F61; F60
_b2760
_b1470
_b3730
090 _ 2760 BR0203785
100 1 _aRomano, M.R.
110 1 _aEscola Superior de Agricultura Luiz de Queiroz, Piracicaba, SP (Brasil)
_0Tese (Mestre em Ciências)
245 1 _aAnálise de crescimento, produção de biomassa, fotossíntese e biossíntese de aminoácidos em plantas transgênicas de tabaco (Nicotina tabacum L.)que expressam o gene Lhcb1*2 de ervilha
260 3 _aPiracicaba, SP (Brasil):
_c2001.
300 _a66 p.
500 _aSummaries (Eng, Por); Bibliography p. 56-66; 9 tables; 5 illus.
650 _aFUMO
650 _aERVILHA
650 _aAMINOÁCIDO
650 _aPLANTA TRANSGÊNICA
650 _aGENE
650 _aFOTOSSÍNTESE
650 _aBIOSSÍNTESE
650 _aBIOQUÍMICA VEGETAL
650 _aRESPOSTA DA PLANTA
909 _a202309
_bLucia
_c55
_dLucia Elande
942 _cBK
999 _c64379
_d64379